[Event "Mercredi 2016.10.12 ABCD"]
[Site "Montreal CAN"]
[Date "2016.10.19"]
[Round "2"]
[White "Nardone, Raul"]
[Black "Lessard, Sylvain"]
[Result "1-0"]
[WhiteElo "1845"]
[BlackElo "1821"]
[PlyCount "69"]
[EventDate "2016.10.12"]
[EventType "tourn"]
[EventRounds "5"]
[EventCountry "CAN"]

1. d4 Nf6 2. Nf3 c5 3. g3 e6 4. Bg2 Nc6 5. O-O b6 6. c4 cxd4 7. Nxd4 Bb7 8. Nc3
Be7 9. Ndb5 Qb8 10. Bf4 e5 11. Bg5 O-O 12. Bxf6 Bxf6 13. Qxd7 Rd8 14. Qc7 Rc8
15. Qxb8 Raxb8 16. Nd6 Na5 17. Nxc8 Bxg2 18. Kxg2 Rxc8 19. Nd5 Bg5 20. h4 Bd8
21. b3 Nc6 22. Rfd1 f6 23. e3 Nb8 24. Rac1 Nd7 25. Ne7+ Bxe7 26. Rxd7 Ba3 27.
Rcd1 a5 28. Rb7 a4 29. Rxb6 axb3 30. axb3 h6 31. Rd7 Kh7 32. Rxf6 Rb8 33. Rff7
Bf8 34. Rb7 Rc8 35. Kf3 1-0

[Event "Mercredi 2016.10.12 ABCD"]
[Site "Montreal CAN"]
[Date "2016.10.19"]
[Round "2"]
[White "Nunez, Omar"]
[Black "Esterez, Emmanuel"]
[Result "1/2-1/2"]
[WhiteElo "1942"]
[BlackElo "1919"]
[PlyCount "27"]
[EventDate "2016.10.12"]
[EventType "tourn"]
[EventRounds "5"]
[EventCountry "CAN"]

1. f4 g6 2. b4 Bg7 3. Nc3 c5 4. bxc5 Nc6 5. Bb2 Nh6 6. e3 O-O 7. Nf3 e5 8. fxe5
Nxe5 9. Be2 Re8 10. O-O d6 11. cxd6 Qxd6 12. Ne4 Qb4 13. Bxe5 Bxe5 14. Nxe5
1/2-1/2

[Event "Mercredi 2016.10.12 ABCD"]
[Site "Montreal CAN"]
[Date "2016.10.28"]
[Round "2"]
[White "Rondon, Luciano"]
[Black "Johnson-Constantin, Matthieu"]
[Result "1/2-1/2"]
[WhiteElo "1881"]
[BlackElo "1917"]
[PlyCount "37"]
[EventDate "2016.10.12"]
[EventType "tourn"]
[EventRounds "5"]
[EventCountry "CAN"]

1. d4 f5 2. c4 e6 3. g3 Nf6 4. Bg2 c6 5. Nh3 d5 6. Qc2 Be7 7. Nf4 O-O 8. Nd2 g5
9. Nd3 Nbd7 10. Nf3 Ne4 11. O-O h6 12. Nfe5 Bf6 13. c5 Bg7 14. f3 Nef6 15. Be3
Qc7 16. Bf2 Nxe5 17. dxe5 Nd7 18. f4 g4 19. Rfc1 1/2-1/2

[Event "Mercredi 2016.10.12 ABCD"]
[Site "Montreal CAN"]
[Date "2016.10.19"]
[Round "2"]
[White "Singher, Jean-Pierre"]
[Black "Have, Didier"]
[Result "1-0"]
[WhiteElo "1945"]
[BlackElo "1976"]
[PlyCount "69"]
[EventDate "2016.10.12"]
[EventType "tourn"]
[EventRounds "5"]
[EventCountry "CAN"]

1. Nf3 Nf6 2. g3 g6 3. Bg2 Bg7 4. O-O O-O 5. c4 d6 6. Nc3 c5 7. d3 Nc6 8. Rb1
Bf5 9. a3 Qd7 10. Re1 Rfd8 11. b4 Rab8 12. bxc5 dxc5 13. Bf4 Nh5 14. Bxb8 Bxc3
15. Ne5 Nxe5 16. Rxb7 Qd4 17. Rf1 Nxc4 18. Qc2 Ne3 19. fxe3 Qxe3+ 20. Kh1 Bd4
21. Rbb1 e5 22. Rf3 Qh6 23. e3 Bxe3 24. Bxe5 Bxd3 25. Rd1 f6 26. Rxd3 Bd4 27.
Bxd4 cxd4 28. Qc4+ Kh8 29. Rxd4 Re8 30. Rd1 g5 31. Qf7 Rf8 32. Qxa7 g4 33. Rfd3
f5 34. Qd4+ Kg8 35. Bd5+ 1-0

[Event "Mercredi 2016.10.12 ABCD"]
[Site "Montreal CAN"]
[Date "2016.10.26"]
[Round "3"]
[White "Beaulieu, Pierre"]
[Black "Rondon, Luciano"]
[Result "1-0"]
[WhiteElo "1885"]
[BlackElo "1881"]
[PlyCount "107"]
[EventDate "2016.10.12"]
[EventType "tourn"]
[EventRounds "5"]
[EventCountry "CAN"]

1. b3 d5 2. Bb2 Bf5 3. Nf3 e6 4. e3 Nf6 5. Be2 Bd6 6. d3 Nbd7 7. Nbd2 h6 8. Rc1
O-O 9. O-O a5 10. Kh1 a4 11. Nd4 Bg6 12. Nb5 Be7 13. Nf3 c6 14. Nc3 axb3 15.
axb3 Qc7 16. Nh4 Bh7 17. g3 e5 18. Bf3 d4 19. exd4 exd4 20. Nb1 Qb6 21. Nd2 Ne5
22. Bg2 Nd5 23. Nhf3 Nxf3 24. Nxf3 Bf6 25. Ra1 Bf5 26. Re1 Nb4 27. Re2 Be6 28.
Ne1 Bd5 29. Kg1 Ra5 30. Bxd5 Nxd5 31. Re4 c5 32. Rb1 Ra2 33. Qf3 Bg5 34. Re2
Nb4 35. h4 Bf6 36. Bc1 Rfa8 37. Kh2 Qc6 38. Qg4 Kh8 39. Qh5 Kg8 40. Qg4 Nd5 41.
Bb2 Nb4 42. Bc1 Kh7 43. Qf5+ g6 44. Qg4 Ra1 45. Rxa1 Rxa1 46. Qf4 g5 47. hxg5
hxg5 48. Qf5+ Kg7 49. Bxg5 Bxg5 50. Qxg5+ Qg6 51. Qxc5 Nc6 52. Re8 Ra5 53. Qf8+
Kf6 54. Qh8+ 1-0

[Event "Mercredi 2016.10.12 ABCD"]
[Site "Montreal CAN"]
[Date "2016.10.26"]
[Round "3"]
[White "Boudreau, Daniel"]
[Black "Dupuis, Stephane"]
[Result "0-1"]
[WhiteElo "2171"]
[BlackElo "2130"]
[PlyCount "140"]
[EventDate "2016.10.12"]
[EventType "tourn"]
[EventRounds "5"]
[EventCountry "CAN"]

1. e4 d6 2. d4 Nf6 3. Nc3 e5 4. Nge2 Be7 5. f3 O-O 6. Be3 c6 7. g4 Bxg4 8. fxg4
Nxg4 9. Bg1 Bh4+ 10. Ng3 Qg5 11. Qd2 Qxd2+ 12. Kxd2 exd4 13. Bxd4 Nxh2 14. Rxh2
Bxg3 15. Rg2 Be5 16. Bxe5 dxe5 17. Bc4 Nd7 18. Rag1 g6 19. a4 Kg7 20. Ke3 Nf6
21. Ne2 h5 22. Ng3 Ng4+ 23. Kf3 Rad8 24. c3 Rd6 25. Ke2 Rfd8 26. Nf1 Nf6 27.
Kf3 Rd1 28. Ne3 Rxg1 29. Rxg1 Rd2 30. b4 Nh7 31. b5 Kf6 32. Nd1 Ng5+ 33. Ke3
Rh2 34. Nf2 Nh3 35. Nxh3 Rxh3+ 36. Kd2 Rh2+ 37. Be2 g5 38. Rf1+ Kg6 39. bxc6
bxc6 40. c4 g4 41. Rg1 Kg5 42. a5 Rf2 43. a6 Kf4 44. Rh1 Kxe4 45. Rxh5 f5 46.
Rg5 c5 47. Rg7 g3 48. Rxg3 f4 49. Rg4 Kf5 50. Rg7 Ke4 51. Ke1 Ke3 52. Bd1 Rh2
53. Kf1 f3 54. Bxf3 Kxf3 55. Rf7+ Ke3 56. Rxa7 Ra2 57. Rd7 Ra1+ 58. Kg2 Rxa6
59. Rd5 Ra2+ 60. Kg3 e4 61. Rxc5 Ra8 62. Re5 Rf8 63. c5 Ke2 64. c6 Rc8 65. Rc5
e3 66. c7 Kd2 67. Rd5+ Ke1 68. Kf3 e2 69. Ke4 Rxc7 70. Ra5 Kd2 0-1

[Event "Mercredi 2016.10.12 ABCD"]
[Site "Montreal CAN"]
[Date "2016.10.26"]
[Round "3"]
[White "Cardin, Guillaume"]
[Black "Lebeau, Gilbert"]
[Result "1/2-1/2"]
[WhiteElo "2039"]
[BlackElo "2089"]
[PlyCount "102"]
[EventDate "2016.10.12"]
[EventType "tourn"]
[EventRounds "5"]
[EventCountry "CAN"]

1. d4 d5 2. c4 c6 3. Nf3 Nf6 4. e3 e6 5. Bd3 Nbd7 6. O-O Bd6 7. Nc3 O-O 8. e4
dxe4 9. Nxe4 Nxe4 10. Bxe4 Nf6 11. Bc2 b6 12. Bg5 Be7 13. Qd3 g6 14. Rfe1 Bb7
15. Rad1 Qc7 16. Ne5 Rad8 17. Qh3 Nh5 18. Bh6 Ng7 19. Qc3 Rfe8 20. Ng4 f5 21.
Bxg7 fxg4 22. Be5 Bd6 23. c5 Bxe5 24. Rxe5 Bc8 25. Rde1 Qf7 26. Bd1 h5 27. Bb3
Kh7 28. Qe3 bxc5 29. Rxc5 Qd7 30. Bc2 Kg7 31. Rg5 Qxd4 32. Rxg6+ Kf7 33. Qh6
Rh8 34. Qg5 Rd5 35. Qc1 Qd2 36. Bb1 Rhd8 37. Qxd2 Rxd2 38. Rg5 R8d5 39. Bg6+
Kf6 40. Rxd5 exd5 41. Bxh5 Rxb2 42. f3 gxf3 43. Bxf3 Rxa2 44. Rc1 Bd7 45. h4 a5
46. h5 a4 47. h6 a3 48. h7 Kg7 49. Bxd5 Re2 50. Bg8 Be6 51. Ra1 Bxg8 1/2-1/2

[Event "Mercredi 2016.10.12 ABCD"]
[Site "Montreal CAN"]
[Date "2016.10.26"]
[Round "3"]
[White "Esterez, Emmanuel"]
[Black "Brassard, Sylvain"]
[Result "1-0"]
[WhiteElo "1919"]
[BlackElo "1847"]
[PlyCount "74"]
[EventDate "2016.10.12"]
[EventType "tourn"]
[EventRounds "5"]
[EventCountry "CAN"]

1. e4 Nf6 2. e5 Nd5 3. c4 Nb6 4. c5 Nd5 5. Bc4 e6 6. Nc3 Nxc3 7. dxc3 Bxc5 8.
Qg4 Qe7 9. Qxg7 Qf8 10. Qf6 Be7 11. Qf4 d5 12. Bd3 Nd7 13. Nf3 Qg7 14. Qg3 Rg8
15. Bh6 Qh8 16. Qf4 Rxg2 17. O-O-O Rxf2 18. Rhg1 Rxf3 19. Qxf3 Nxe5 20. Qf2 Ng6
21. Rdf1 f5 22. c4 Ne5 23. Be2 Nxc4 24. Bxc4 dxc4 25. Qf3 Bf6 26. Rg2 Bd7 27.
Qh5+ Ke7 28. Rfg1 Be8 29. Qf3 Bc6 30. Qa3+ Kf7 31. Rg7+ Bxg7 32. Rxg7+ Qxg7 33.
Bxg7 Kxg7 34. Qe7+ Kg6 35. Qxe6+ Kg5 36. Qe7+ Kg6 37. Qe6+ Kg5 1-0

[Event "Mercredi 2016.10.12 ABCD"]
[Site "Montreal CAN"]
[Date "2016.10.26"]
[Round "3"]
[White "Fortin-Lavoie, Patrice"]
[Black "Dumouchel, Alain"]
[Result "1-0"]
[WhiteElo "1796"]
[BlackElo "1784"]
[PlyCount "117"]
[EventDate "2016.10.12"]
[EventType "tourn"]
[EventRounds "5"]
[EventCountry "CAN"]

1. Nf3 Nf6 2. g3 g6 3. Bg2 Bg7 4. O-O O-O 5. c4 d6 6. Nc3 Nc6 7. Rb1 e5 8. b4
Be6 9. d3 Qd7 10. Ng5 Bf5 11. e4 Bg4 12. f3 Be6 13. Nxe6 fxe6 14. Bh3 Kh8 15.
Be3 Ng8 16. Nd5 Qf7 17. Bxe6 Qxe6 18. Nxc7 Qh3 19. Nxa8 Rxa8 20. b5 Nd4 21.
Bxd4 exd4 22. a4 Bh6 23. f4 Nf6 24. Qc2 Ng4 25. Qb2 Bg7 26. Rbc1 Rc8 27. Rfe1
Ne3 28. Re2 h5 29. b6 a6 30. Qb4 Qe6 31. c5 h4 32. c6 bxc6 33. b7 Rb8 34. Rxc6
Qd7 35. Rxd6 Rxb7 36. Rxd7 Rxb4 37. Ra2 Rb1+ 38. Kf2 Rf1+ 39. Ke2 Rh1 40. Kf3
Rf1+ 41. Rf2 Rd1 42. e5 Rxd3 43. Ke4 Ra3 44. Rxd4 Nf5 45. Rc4 hxg3 46. hxg3
Nxg3+ 47. Kd5 Nh5 48. Ke6 Bh6 49. Kf7 Kh7 50. e6 Ng7 51. Re4 Rc3 52. e7 Nf5 53.
Re6 Rc7 54. Rc2 Bxf4 55. Rxg6 Nxe7 56. Rg7+ Kh8 57. Rxc7 Bxc7 58. Kf6 Bd6 59.
Kf7 1-0

[Event "Mercredi 2016.10.12 ABCD"]
[Site "Montreal CAN"]
[Date "2016.10.26"]
[Round "3"]
[White "Gates, Claude-Eric"]
[Black "Nardone, Raul"]
[Result "0-1"]
[WhiteElo "1810"]
[BlackElo "1845"]
[PlyCount "129"]
[EventDate "2016.10.12"]
[EventType "tourn"]
[EventRounds "5"]
[EventCountry "CAN"]

1. e4 c5 2. d4 cxd4 3. c3 Nf6 4. e5 Nd5 5. Qxd4 e6 6. Nf3 Nc6 7. Qe4 d6 8. Bb5
Bd7 9. c4 Nb6 10. Nbd2 a6 11. Bxc6 Bxc6 12. Qg4 Nd7 13. exd6 Nf6 14. Qd4 Qxd6
15. O-O Rd8 16. Qxd6 Bxd6 17. b3 Bb4 18. a3 Bc3 19. Ra2 O-O 20. Rc2 Bd4 21. Re1
h6 22. Nxd4 Rxd4 23. Re3 Ng4 24. Rg3 Rfd8 25. h3 Nf6 26. Bb2 Rf4 27. Kf1 Nh5
28. Re3 Nf6 29. f3 h5 30. Be5 Rf5 31. Ke2 h4 32. b4 Nh5 33. Bh2 Nf4+ 34. Bxf4
Rxf4 35. Rd3 Rc8 36. Ke3 Rf5 37. Rd4 e5 38. Rxh4 Rd8 39. Ne4 Rd1 40. Rd2 Rxd2
41. Kxd2 f6 42. Rg4 Rf4 43. Ke3 f5 44. Rg5 fxe4 45. Rxe5 exf3 46. gxf3 Rxf3+
47. Kd4 Rxa3 48. h4 Rg3 49. Kc5 Rb3 50. Rf5 g6 51. Rg5 Kf7 52. h5 gxh5 53. Rxh5
Kg6 54. Re5 Rg3 55. b5 axb5 56. cxb5 Bg2 57. Re7 Kf6 58. Re2 Rg5+ 59. Kb6 Bh1
60. Re1 Bg2 61. Re2 Rg6 62. Kc7 Bh1 63. Re1 Bd5 64. Kd6 Bg2 65. Kc7 0-1

[Event "Mercredi 2016.10.12 ABCD"]
[Site "Montreal CAN"]
[Date "2016.10.26"]
[Round "3"]
[White "Have, Didier"]
[Black "Langlois-Remillard, Alexis"]
[Result "1-0"]
[WhiteElo "1976"]
[BlackElo "1954"]
[PlyCount "68"]
[EventDate "2016.10.12"]
[EventType "tourn"]
[EventRounds "5"]
[EventCountry "CAN"]

1. e4 e6 2. b3 c5 3. Bb2 Nc6 4. d3 d5 5. Nd2 Nf6 6. Ngf3 Qc7 7. g3 Bd6 8. Bg2
h5 9. Qe2 d4 10. Nc4 e5 11. a4 b6 12. O-O Bg4 13. h3 Bxf3 14. Qxf3 a6 15. Qe2
g5 16. f4 gxf4 17. gxf4 Nd7 18. b4 Nxb4 19. fxe5 Bxe5 20. Rf5 O-O-O 21. Rxf7
Rdg8 22. a5 Qc6 23. Rxd7 Qe6 24. Nxe5 Qxe5 25. Rf7 Qe6 26. Raf1 Nd5 27. Bc1 Nc3
28. Qf3 Qc6 29. Qf5+ Kb8 30. Rf2 Nd1 31. Bf4+ Ka8 32. Rc7 Ne3 33. Rxc6 Nxf5 34.
exf5 Rb8 1-0

[Event "Mercredi 2016.10.12 ABCD"]
[Site "Montreal CAN"]
[Date "2016.10.26"]
[Round "3"]
[White "Johnson-Constantin, Matthieu"]
[Black "Nunez, Omar"]
[Result "0-1"]
[WhiteElo "1917"]
[BlackElo "1942"]
[PlyCount "30"]
[EventDate "2016.10.12"]
[EventType "tourn"]
[EventRounds "5"]
[EventCountry "CAN"]

1. e4 d5 2. exd5 Qxd5 3. Nc3 Qa5 4. Nf3 Nf6 5. Bc4 Nc6 6. O-O Bg4 7. d4 O-O-O
8. Be3 e5 9. d5 e4 10. Qe1 exf3 11. dxc6 fxg2 12. cxb7+ Kb8 13. Kxg2 Qh5 14.
Be2 Bd6 15. f4 Qh3+ 0-1

[Event "Mercredi 2016.10.12 ABCD"]
[Site "Montreal CAN"]
[Date "2016.10.26"]
[Round "3"]
[White "Lessard, Sylvain"]
[Black "Robidoux, Julien"]
[Result "0-1"]
[WhiteElo "1821"]
[BlackElo "1780"]
[PlyCount "140"]
[EventDate "2016.10.12"]
[EventType "tourn"]
[EventRounds "5"]
[EventCountry "CAN"]

1. c4 e6 2. Nc3 b6 3. e4 Bb7 4. Nf3 Bb4 5. d3 Ne7 6. a3 Bxc3+ 7. bxc3 O-O 8.
Be2 f5 9. e5 Nbc6 10. O-O Ng6 11. d4 Na5 12. Bg5 Qe8 13. Bd3 h6 14. Bd2 Ba6 15.
Qe2 Nb3 16. Rad1 Nxd2 17. Qxd2 Qe7 18. Rfe1 Bb7 19. d5 Qxa3 20. Nd4 Qe7 21. Nb5
c5 22. Nc7 Rac8 23. d6 Qh4 24. g3 Qg4 25. Be2 Qe4 26. f3 Qxe5 27. Bf1 Qf6 28.
f4 Nh8 29. Bg2 Bxg2 30. Kxg2 Nf7 31. Ra1 a5 32. Kh1 h5 33. h4 Nh6 34. Kg2 Ng4
35. Qd3 Qf7 36. Ra2 Nf6 37. Ree2 Ne4 38. Rxe4 fxe4 39. Qxe4 Qf5 40. Qe3 Rfd8
41. Kh2 Qb1 42. Qe2 Rb8 43. Rb2 Qf5 44. Ra2 Qf8 45. Qxh5 Qxd6 46. Nb5 Qd3 47.
Re2 Rf8 48. Qe5 Qxc4 49. Nc7 Rf5 50. Qe3 a4 51. Rf2 a3 52. g4 Rff8 53. Qd2 a2
54. Rf1 a1=Q 55. Rxa1 Qxf4+ 56. Qxf4 Rxf4 57. Rd1 Rf7 58. Nb5 d5 59. Re1 Re7
60. Kg3 e5 61. Nd6 d4 62. Nf5 Ree8 63. Nd6 Re6 64. Ne4 Ra8 65. cxd4 exd4 66. g5
Rae8 67. Kf4 Rxe4+ 68. Rxe4 Rxe4+ 69. Kxe4 Kf7 70. Kd3 Kg6 0-1

[Event "Mercredi 2016.10.12 ABCD"]
[Site "Montreal CAN"]
[Date "2016.10.26"]
[Round "3"]
[White "Soudre, Nicolas"]
[Black "Jacquet, Stephane"]
[Result "1-0"]
[WhiteElo "2202"]
[BlackElo "2119"]
[PlyCount "65"]
[EventDate "2016.10.12"]
[EventType "tourn"]
[EventRounds "5"]
[EventCountry "CAN"]

1. e4 d6 2. f4 Nf6 3. Nc3 g6 4. Nf3 Bg7 5. g3 O-O 6. Bg2 Nc6 7. d3 e5 8. O-O
Nd4 9. f5 c6 10. Nh4 Qb6 11. Kh1 Bd7 12. h3 Nh5 13. Kh2 Bf6 14. Nf3 a5 15. Rb1
Kh8 16. Ne2 Rg8 17. Nexd4 exd4 18. g4 gxf5 19. gxh5 fxe4 20. dxe4 Qc5 21. e5
dxe5 22. Nxd4 Bh4 23. Be3 Qe7 24. Nf5 Bxf5 25. Rxf5 Qe6 26. Qf1 Bg3+ 27. Kh1
Bf4 28. Rxf4 exf4 29. Bd4+ f6 30. Qxf4 Raf8 31. Rf1 Rxg2 32. Kxg2 Rg8+ 33. Kh2
1-0

[Event "Mercredi 2016.10.12 ABCD"]
[Site "Montreal CAN"]
[Date "2016.10.26"]
[Round "3"]
[White "Tremblay, Alain"]
[Black "Lopez Linares, Lizandro"]
[Result "1/2-1/2"]
[WhiteElo "2175"]
[BlackElo "2251"]
[PlyCount "115"]
[EventDate "2016.10.12"]
[EventType "tourn"]
[EventRounds "5"]
[EventCountry "CAN"]

1. c4 e6 2. Nf3 Nf6 3. Nc3 d5 4. e3 Nbd7 5. b3 b6 6. Bb2 Bb7 7. Be2 Be7 8. Qc2
dxc4 9. Bxc4 O-O 10. d4 a6 11. Rd1 b5 12. Bd3 c5 13. dxc5 Bxc5 14. O-O Rc8 15.
Qb1 Qb6 16. Ne4 Bxe4 17. Bxe4 h6 18. h3 Rfd8 19. Rfe1 Bb4 20. Re2 Bc3 21. Bxc3
Rxc3 22. Red2 Rdc8 23. Nd4 b4 24. Ne2 R3c7 25. Rd6 Qa5 26. Nd4 Kf8 27. Bf3 Nb8
28. g3 Qe5 29. Ne2 Ke7 30. R6d4 a5 31. Qd3 Nbd7 32. Qa6 Rc2 33. Nf4 g5 34. Nh5
Qc7 35. Nxf6 Nxf6 36. Bb7 Rb8 37. Bf3 Rc5 38. Qe2 Rc8 39. R4d2 Qe5 40. Qa6 Qc7
41. Qe2 Kf8 42. Qd3 Kg7 43. Qa6 h5 44. Qd3 Qe5 45. Qa6 Rc3 46. Qe2 h4 47. g4
Nh7 48. Rd7 Nf8 49. R7d6 Ng6 50. R6d2 R8c7 51. Bg2 Qc5 52. Qf3 Rc1 53. Qe4
Rxd1+ 54. Rxd1 Qc3 55. Qa8 Qc5 56. Qd8 Rc8 57. Qd2 Ne5 58. Be4 1/2-1/2

[Event "Mercredi 2016.10.12 ABCD"]
[Site "Montreal CAN"]
[Date "2016.11.02"]
[Round "4"]
[White "Brassard, Sylvain"]
[Black "Rondon, Luciano"]
[Result "1/2-1/2"]
[WhiteElo "1847"]
[BlackElo "1881"]
[PlyCount "42"]
[EventDate "2016.10.12"]
[EventType "tourn"]
[EventRounds "5"]
[EventCountry "CAN"]

1. Nf3 d5 2. g3 Nf6 3. Bg2 e6 4. O-O Bd6 5. d3 O-O 6. Nbd2 Nbd7 7. Re1 e5 8. e4
dxe4 9. Nxe4 Nxe4 10. Rxe4 Nf6 11. Re1 Re8 12. Ng5 Bg4 13. Qd2 c6 14. Ne4 Nxe4
15. dxe4 Bc5 16. Qc3 Bb6 17. Be3 Bxe3 18. Qxe3 Qa5 19. f3 Be6 20. a3 Red8 21.
Rad1 Qb5 1/2-1/2

[Event "Mercredi 2016.10.12 ABCD"]
[Site "Montreal CAN"]
[Date "2016.11.02"]
[Round "4"]
[White "Esterez, Emmanuel"]
[Black "Johnson-Constantin, Matthieu"]
[Result "0-1"]
[WhiteElo "1919"]
[BlackElo "1917"]
[PlyCount "48"]
[EventDate "2016.10.12"]
[EventType "tourn"]
[EventRounds "5"]
[EventCountry "CAN"]

1. e4 e6 2. d4 d5 3. Nd2 c5 4. exd5 Qxd5 5. Ngf3 Nf6 6. Bc4 Qh5 7. O-O Nc6 8.
Nb3 cxd4 9. Nbxd4 Bd7 10. Bb5 O-O-O 11. c3 e5 12. Ne2 Bg4 13. Qa4 Bxf3 14. Ng3
Bd1 15. Qc4 Qg4 16. f4 Qe6 17. Qxe6+ fxe6 18. Bxc6 Bc5+ 19. Kh1 bxc6 20. fxe5
Ng4 21. Ne4 Be2 22. Nxc5 Bxf1 23. Bg5 Rd5 24. b4 Bc4 0-1

[Event "Mercredi 2016.10.12 ABCD"]
[Site "Montreal CAN"]
[Date "2016.11.02"]
[Round "4"]
[White "Jacquet, Stephane"]
[Black "Dupuis, Stephane"]
[Result "1-0"]
[WhiteElo "2119"]
[BlackElo "2130"]
[PlyCount "119"]
[EventDate "2016.10.12"]
[EventType "tourn"]
[EventRounds "5"]
[EventCountry "CAN"]

1. d4 Nf6 2. c4 e6 3. Nf3 Bb4+ 4. Bd2 a5 5. a3 Bxd2+ 6. Nbxd2 d5 7. e3 O-O 8.
Bd3 Nbd7 9. O-O b6 10. cxd5 exd5 11. Qc2 c5 12. Bb5 Qe7 13. b4 c4 14. Bc6 Ra7
15. b5 Bb7 16. Rfc1 Rc8 17. Qa4 Qd6 18. Nxc4 dxc4 19. Rxc4 Bxc6 20. bxc6 Nb8
21. Ne5 Rac7 22. Rac1 Qd5 23. Qc2 Ne8 24. e4 Qe6 25. f4 f6 26. d5 Qe7 27. Nf3
Nd6 28. Rd4 Nb5 29. Ra4 Nd7 30. Qb2 Nd6 31. e5 fxe5 32. fxe5 Nf5 33. Re4 Nc5
34. Re2 Nd3 35. Qb1 Nxc1 36. Qxc1 Qc5+ 37. Qxc5 bxc5 38. Rc2 Ne3 39. Rxc5 a4
40. Nd4 Nxd5 41. Rxd5 Kf7 42. Kf2 Rxc6 43. Nxc6 Rxc6 44. Ke3 Ke6 45. Rd6+ Rxd6
46. exd6 Kxd6 47. Kd4 g5 48. Kc4 Ke5 49. Kb4 Kd4 50. Kxa4 Ke3 51. Kb4 h5 52. a4
Kf2 53. a5 Kxg2 54. a6 Kxh2 55. a7 h4 56. a8=Q g4 57. Qe4 Kh3 58. Qh1+ Kg3 59.
Kc3 h3 60. Kd3 1-0

[Event "Mercredi 2016.10.12 ABCD"]
[Site "Montreal CAN"]
[Date "2016.11.02"]
[Round "4"]
[White "Lebeau, Gilbert"]
[Black "Have, Didier"]
[Result "1-0"]
[WhiteElo "2089"]
[BlackElo "1976"]
[PlyCount "29"]
[EventDate "2016.10.12"]
[EventType "tourn"]
[EventRounds "5"]
[EventCountry "CAN"]

1. d4 Nf6 2. c4 g6 3. g3 Bg7 4. Bg2 O-O 5. Nc3 d6 6. Nf3 Nc6 7. O-O a6 8. Qd3
Rb8 9. b3 d5 10. cxd5 Nb4 11. Qd2 Nbxd5 12. Bb2 Nxc3 13. Qxc3 Ne4 14. Qc2 Bf5
15. g4 1-0

[Event "Mercredi 2016.10.12 ABCD"]
[Site "Montreal CAN"]
[Date "2016.11.02"]
[Round "4"]
[White "Lessard, Sylvain"]
[Black "Gates, Claude-Eric"]
[Result "0-1"]
[WhiteElo "1821"]
[BlackElo "1810"]
[PlyCount "156"]
[EventDate "2016.10.12"]
[EventType "tourn"]
[EventRounds "5"]
[EventCountry "CAN"]

1. c4 Nf6 2. Nc3 e5 3. Nf3 Nc6 4. d4 exd4 5. Nxd4 Bb4 6. Bg5 h6 7. Bh4 O-O 8.
Nxc6 bxc6 9. e3 d6 10. Qc2 Re8 11. Bd3 g5 12. Bg3 Bxc3+ 13. Qxc3 Ne4 14. Qc2
Bf5 15. O-O Qf6 16. h3 Nxg3 17. fxg3 Bxd3 18. Qxd3 Qxb2 19. Rab1 Qe5 20. Rf3
Re6 21. Rbf1 Rf8 22. g4 Kg7 23. Kh1 Qe4 24. Qc3+ Qe5 25. Qd3 Qe4 26. Qc3+ f6
27. Qa5 Qxc4 28. Qxa7 Rf7 29. a4 Re5 30. Rf5 c5 31. Qa5 Rxe3 32. R5f3 Re4 33.
Ra1 Qd4 34. Rff1 Re2 35. Qb5 Qe4 36. Rg1 f5 37. gxf5 Rxf5 38. Qd7+ Rf7 39. Qg4
Qxg4 40. hxg4 Re4 41. a5 Rf8 42. a6 Ra8 43. Rgf1 Ra7 44. Rf3 Rxg4 45. Kg1 Rb4
46. Kf2 Rb6 47. Rfa3 c6 48. Ke3 Kf6 49. R1a2 d5 50. Kd3 Rb4 51. Ra5 Rb5 52.
R5a3 Ke5 53. Re2+ Kd6 54. Ke3 Rb4 55. Rf2 Re4+ 56. Kd2 Ke6 57. Rf8 Rf4 58. Rb8
Rff7 59. Rc8 Kd6 60. Rh8 Kc7 61. Rxh6 Rg7 62. g4 c4 63. Ra4 Kb6 64. Kc3 Rxa6
65. Rxa6+ Kxa6 66. Rxc6+ Kb5 67. Rd6 Kc5 68. Rd8 Rg6 69. Rc8+ Rc6 70. Rg8 Rf6
71. Rxg5 Rf3+ 72. Kc2 Rg3 73. Rg8 Kd4 74. g5 Rg2+ 75. Kd1 Kd3 76. Ke1 c3 77.
Kf1 Ra2 78. g6 c2 0-1

[Event "Mercredi 2016.10.12 ABCD"]
[Site "Montreal CAN"]
[Date "2016.11.02"]
[Round "4"]
[White "Lopez Linares, Lizandro"]
[Black "Boudreau, Daniel"]
[Result "0-1"]
[WhiteElo "2251"]
[BlackElo "2171"]
[PlyCount "142"]
[EventDate "2016.10.12"]
[EventType "tourn"]
[EventRounds "5"]
[EventCountry "CAN"]

1. d4 d5 2. c4 c6 3. Nf3 Nf6 4. Nc3 e6 5. Bg5 Be7 6. e3 Nbd7 7. Rc1 O-O 8. Bd3
dxc4 9. Bxc4 b5 10. Bd3 h6 11. Bf4 Bb7 12. O-O Nh5 13. Bg3 Nxg3 14. hxg3 a6 15.
Ne4 Qb6 16. Qc2 a5 17. Nc5 Nxc5 18. dxc5 Qc7 19. a4 b4 20. Nd2 Rfd8 21. Nb3
Rxd3 22. Qxd3 Ba6 23. Qe4 Bxf1 24. Kxf1 Rd8 25. Qc4 Bf6 26. Rb1 Qa7 27. Ke2 Kf8
28. f4 g6 29. Nc1 Rd5 30. Nd3 h5 31. Rc1 Ke7 32. b3 Bc3 33. Rd1 Ke8 34. Rc1 Ke7
35. Rh1 Bf6 36. Rc1 Bg7 37. Nf2 Bc3 38. Ne4 Bb2 39. Rc2 Bg7 40. Nd6 Kf8 41. Nc8
Qb7 42. Nb6 Rd8 43. Qe4 Qa6+ 44. Qc4 Qb7 45. Kf2 Bf6 46. Qe4 Be7 47. Qe5 Kg8
48. g4 hxg4 49. Kg3 Bf8 50. Kxg4 Bg7 51. Qg5 Rd3 52. Kf3 Qc7 53. Ke2 Rxb3 54.
Nc4 Rc3 55. Rxc3 bxc3 56. Nd6 Qb8 57. Qe7 Qf8 58. Qb7 e5 59. g3 exf4 60. gxf4
g5 61. fxg5 Be5 62. Ne4 Qe8 63. Qb1 Qe7 64. Qd3 Qb7 65. Qc2 Qb4 66. Kd3 Kg7 67.
Qf2 Qxa4 68. Nf6 Qd1+ 69. Ke4 c2 70. Qf5 Qh1+ 71. Kd3 c1=Q 0-1

[Event "Mercredi 2016.10.12 ABCD"]
[Site "Montreal CAN"]
[Date "2016.11.02"]
[Round "4"]
[White "Luo, Zhao Yang"]
[Black "Cardin, Guillaume"]
[Result "1-0"]
[WhiteElo "2073"]
[BlackElo "2039"]
[PlyCount "45"]
[EventDate "2016.10.12"]
[EventType "tourn"]
[EventRounds "5"]
[EventCountry "CAN"]

1. d4 Nf6 2. Nf3 g6 3. Bg5 Bg7 4. Nbd2 O-O 5. e4 d5 6. Bd3 dxe4 7. Nxe4 Nxe4 8.
Bxe4 c5 9. c3 Nc6 10. dxc5 Qa5 11. Be3 Rd8 12. Qe2 e5 13. O-O Be6 14. Ng5 Bd5
15. Bxd5 Rxd5 16. Qf3 Rd7 17. Qh3 Rad8 18. Qxh7+ Kf8 19. Qh4 Rd3 20. Nh7+ Kg8
21. Bg5 f6 22. Nxf6+ Kf7 23. Qc4+ 1-0

[Event "Mercredi 2016.10.12 ABCD"]
[Site "Montreal CAN"]
[Date "2016.11.07"]
[Round "4"]
[White "Nardone, Raul"]
[Black "Fortin-Lavoie, Patrice"]
[Result "0-1"]
[WhiteElo "1845"]
[BlackElo "1796"]
[PlyCount "60"]
[EventDate "2016.10.12"]
[EventType "tourn"]
[EventRounds "5"]
[EventCountry "CAN"]

1. d4 d5 2. Nf3 Nc6 3. g3 f6 4. Bg2 e5 5. dxe5 fxe5 6. O-O Nf6 7. Bg5 Be6 8.
Nc3 Qd7 9. Bxf6 gxf6 10. a3 O-O-O 11. b4 Kb8 12. Rc1 e4 13. Nh4 f5 14. Qd2 Be7
15. b5 Ne5 16. a4 Bxh4 17. gxh4 Rhg8 18. Kh1 Nc4 19. Qd4 Rg4 20. e3 Qd6 21. Ne2
Rxh4 22. Nf4 Ne5 23. Rcd1 Ng6 24. Qf6 Nxf4 25. Qxh4 Nxg2 26. Kxg2 Rg8+ 27. Kh1
f4 28. Qxf4 Bg4 29. Rg1 Qxf4 30. exf4 Bf3+ 0-1

[Event "Mercredi 2016.10.12 ABCD"]
[Site "Montreal CAN"]
[Date "2016.11.02"]
[Round "4"]
[White "Nunez, Omar"]
[Black "Beaulieu, Pierre"]
[Result "1/2-1/2"]
[WhiteElo "1942"]
[BlackElo "1885"]
[PlyCount "63"]
[EventDate "2016.10.12"]
[EventType "tourn"]
[EventRounds "5"]
[EventCountry "CAN"]

1. f4 Nf6 2. b3 g6 3. Bb2 Bg7 4. e4 d6 5. Nf3 O-O 6. d3 Nc6 7. Be2 e5 8. fxe5
Ng4 9. Bc1 Ngxe5 10. c3 Nxf3+ 11. Bxf3 Qh4+ 12. g3 Qh3 13. Qe2 Bd7 14. Bg2 Qe6
15. O-O f5 16. Bb2 d5 17. Na3 fxe4 18. dxe4 d4 19. cxd4 Nxd4 20. Qd2 c5 21.
Rac1 b6 22. Nc4 Qg4 23. Ne3 Qh5 24. Kh1 Bb5 25. Nc4 Bh6 26. Rxf8+ Rxf8 27. Ne3
Ne2 28. g4 Qg5 29. Rf1 Rd8 30. Nd5 Qh4 31. Qxh6 Ng3+ 32. Kg1 1/2-1/2